STAYC Songs - Statistics

General Stats
  • This quiz has been taken 449 times
    37 since last reset
  • The average score is 25 of 48
Answer Stats
Answer % Correct
ASAP
93%
Bubble
89%
SO BAD
89%
SO BAD (TAK Remix)
89%
BEAUTIFUL MONSTER
86%
GPT
86%
RUN2U
82%
RUN2U (TAK Remix)
82%
STEREOTYPE (색안경)
82%
BEBE
79%
Cheeky Icy Thang
79%
Teddy Bear
75%
BUTTERFLY
71%
YOUNG LUV
71%
I WANT IT
68%
Roses
64%
SO WHAT
64%
LOVE
61%
247
57%
Poppy
57%
1 Thing
54%
LIKE THIS
54%
SAME SAME
54%
LOVE FOOL (사랑은 원래 이렇게 아픈 건가요)
50%
BOY
43%
I LIKE IT
43%
I WANT U BABY
43%
SLOW DOWN
43%
Stay WITH Me
43%
DIAMOND
39%
COMPLEX
36%
Fakin'
36%
I'LL BE THERE
36%
Meant To Be (너란 별을 만나)
36%
PIPE DOWN
36%
Twenty
36%
Flexing On My Ex
32%
반칙 (Honestly)
32%
Not Like You
32%
Be Mine
29%
Let Me Know
29%
Beauty Bomb
25%
Find
25%
Give It 2 Me
25%
I Wanna Do
25%
Gummy Bear
21%
Nada
21%
Trouble Maker
21%
No matching quizzes found
Score Distribution
Percent of People with Each Score
Percentile by Number Answered
Your Score History
You have not taken this quiz since the last reset